[Event "Cto de Aragon por Equipos Preferente"]
[Site "?"]
[Date "2020.01.25"]
[Round "1.52"]
[White "Jimenez Azlor, Hugo"]
[Black "Salete Sanchez, Victor"]
[Result "0-1"]
[WhiteElo "1387"]
[BlackElo "1424"]
[PlyCount "50"]
[EventDate "2020.??.??"]
[WhiteTeam "Enroque Barbastro"]
[BlackTeam "El Olivar C"]

1. d4 Nf6 2. Bg5 g6 3. Nf3 Bg7 4. c4 d6 5. Nc3 O-O 6. Qd2 c5 7. Bh6 Qb6 8. Bxg7
Kxg7 9. e3 Bf5 10. b3 Nc6 11. Be2 Be4 12. d5 Bxf3 13. Bxf3 Ne5 14. Be4 a5 15.
Bd3 Qb4 16. O-O b5 17. f4 Nxd3 18. Qxd3 bxc4 19. bxc4 Qa3 20. Qc2 Rfb8 21. Rfb1
Rb4 22. Rb3 Rxb3 23. Qxb3 Qb4 24. Rb1 Ng4 25. Nd1 Qe1# 0-1

[Event "Cto de Aragon por Equipos Preferente"]
[Site "?"]
[Date "2020.01.25"]
[Round "1.53"]
[White "Anson Casaos, Alejandro"]
[Black "Gracia Campo, Carlos Alberto"]
[Result "1/2-1/2"]
[WhiteElo "1826"]
[BlackElo "2069"]
[PlyCount "86"]
[EventDate "2020.??.??"]
[WhiteTeam "Helios B"]
[BlackTeam "El Olivar B"]

1. e4 d6 2. d4 Nf6 3. Nc3 g6 4. f4 Bg7 5. Nf3 O-O 6. Be2 c5 7. dxc5 Qa5 8. O-O
Qxc5+ 9. Kh1 Ng4 10. Qe1 Bxc3 11. bxc3 Ne3 12. Bxe3 Qxe3 13. Ng5 h6 14. Rf3 Qc5
15. Nh3 Bg4 16. Rg3 Bxe2 17. Qxe2 Nd7 18. f5 Kh7 19. Rf1 Nf6 20. Qd3 Qe5 21.
Nf2 Rac8 22. Rh3 g5 23. Qe3 Qf4 24. Qd3 Rg8 25. Rg3 Qe5 26. Re3 Rc5 27. Qe2
Rxc3 28. Nd3 Qd4 29. e5 dxe5 30. Rxe5 Nd5 31. Rd1 Qc4 32. Ne1 Qxe2 33. Rxe2 Rc5
34. Rd4 Rgc8 35. g3 Kg7 36. Nd3 Nc3 37. Rxe7 R5c7 38. Rdd7 Rxd7 39. Rxd7 Kf6
40. Rxb7 Nxa2 41. Rxa7 Rxc2 42. g4 Nc1 43. Ra6+ Kg7 1/2-1/2

[Event "Cto de Aragon por Equipos Preferente"]
[Site "?"]
[Date "2020.01.25"]
[Round "1.54"]
[White "Galve Guinea, Alejandro"]
[Black "Gonzalez Azuara, Javier"]
[Result "1-0"]
[WhiteElo "1994"]
[BlackElo "1722"]
[PlyCount "67"]
[EventDate "2020.??.??"]
[WhiteTeam "El Olivar B"]
[BlackTeam "Helios B"]

1. Nf3 d5 2. d4 Nf6 3. c4 e6 4. Nc3 Bd6 5. c5 Be7 6. Bf4 c6 7. e3 Nbd7 8. h3
O-O 9. Bd3 b6 10. b4 a5 11. a3 Ba6 12. Qe2 Ne4 13. Bxa6 Nxc3 14. Qc2 Rxa6 15.
Qxc3 Qc8 16. O-O Qb7 17. Rfc1 Rfa8 18. b5 cxb5 19. c6 Qc8 20. cxd7 Qxd7 21. Ne5
Qe8 22. Qc7 R8a7 23. Qc8 Ra8 24. Qb7 R8a7 25. Rc8 Rxb7 26. Rxe8+ Bf8 27. Rc1
Re7 28. Rd8 h6 29. Rcc8 g5 30. Rxf8+ Kg7 31. Rg8+ Kf6 32. Ng4+ Kf5 33. Nxh6+
Ke4 34. Rc3 1-0

[Event "Cto de Aragon por Equipos Preferente"]
[Site "?"]
[Date "2020.01.25"]
[Round "1.56"]
[White "Munoz Valles, Jorge"]
[Black "Lorente Melcon, Nicolas"]
[Result "1-0"]
[WhiteElo "1636"]
[BlackElo "1673"]
[PlyCount "93"]
[EventDate "2020.??.??"]
[WhiteTeam "El Olivar B"]
[BlackTeam "Helios B"]

1. d4 Nf6 2. c4 c5 3. d5 d6 4. Nc3 g6 5. e4 Bg7 6. Nf3 O-O 7. Be2 e6 8. O-O
exd5 9. exd5 Re8 10. Bd3 Bg4 11. h3 Bxf3 12. Qxf3 Nbd7 13. Bf4 Ne5 14. Qd1 Nh5
15. Bh2 Qh4 16. Nb5 Rad8 17. Rb1 a6 18. Na3 b6 19. Re1 Re7 20. Bf1 Rde8 21. g3
Qf6 22. Re3 Bh6 23. Rb3 Nd7 24. Nc2 Ng7 25. Rf3 Qg5 26. g4 Ne5 27. Ra3 f5 28.
f4 Qh4 29. Bg3 Qf6 30. fxe5 dxe5 31. Rxa6 e4 32. d6 Rd7 33. Rxb6 f4 34. Qd5+
Kh8 35. Be1 f3 36. Qxc5 e3 37. Qd4 Qf8 38. Bh4 e2 39. g5 Bxg5 40. Bxg5 Qf5 41.
Bh4 Qxc2 42. Bxe2 Qxb1+ 43. Qd1 Qxd1+ 44. Bxd1 g5 45. Bf2 Red8 46. c5 h5 47.
Bxf3 1-0

[Event "Cto de Aragon por Equipos Preferente"]
[Site "?"]
[Date "2020.01.25"]
[Round "1.57"]
[White "Moya Gimeno, Raul"]
[Black "Llanes Luno, Ricardo"]
[Result "0-1"]
[WhiteElo "1851"]
[BlackElo "2236"]
[PlyCount "68"]
[EventDate "2020.??.??"]
[WhiteTeam "Marcos Frechin B"]
[BlackTeam "Delicias"]

1. e4 c5 2. Nf3 e6 3. d3 g6 4. g3 Bg7 5. Bg2 Ne7 6. c3 d5 7. Nbd2 Nbc6 8. O-O
O-O 9. Re1 b6 10. e5 Qc7 11. d4 cxd4 12. cxd4 Nb4 13. Re3 Qc2 14. Qe1 Nd3 15.
Qe2 Ba6 16. Bf1 Nb4 17. Qe1 Bxf1 18. Qxf1 Rfc8 19. Nb3 Nf5 20. Re2 Qd3 21. Bf4
Qxf3 22. Rd1 Nxa2 23. Nd2 Qh5 24. Nb1 g5 25. Be3 Rc6 26. h3 Nxe3 27. fxe3 Rac8
28. g4 Qg6 29. Rf2 Rc1 30. Nc3 Rxd1 31. Nxd1 Rc2 32. Rf3 Rc1 33. Kg2 Qc2+ 34.
Rf2 Qxd1 0-1

[Event "Cto de Aragon por Equipos Preferente"]
[Site "?"]
[Date "2020.01.25"]
[Round "1.58"]
[White "Lamas Mercadal, Manuel"]
[Black "Hususan, Melisa"]
[Result "1-0"]
[WhiteElo "2117"]
[BlackElo "1749"]
[PlyCount "45"]
[EventDate "2020.??.??"]
[WhiteTeam "Delicias"]
[BlackTeam "Marcos Frechin B"]

1. e4 c5 2. Nc3 Nc6 3. Bb5 Nd4 4. Bc4 g6 5. Nf3 Bg7 6. Nxd4 Bxd4 7. O-O e6 8.
Nb5 Be5 9. d4 cxd4 10. f4 Bc7 11. Nxc7+ Qxc7 12. Qxd4 f6 13. Be3 b6 14. f5 e5
15. Qd5 Qc6 16. Qf7+ Kd8 17. Bd5 Qd6 18. Bxa8 Ne7 19. Rad1 Qb8 20. Qxf6 Re8 21.
Bd5 Bb7 22. Bf7 Rf8 23. Bg5 1-0

[Event "Cto de Aragon por Equipos Preferente"]
[Site "?"]
[Date "2020.01.25"]
[Round "1.59"]
[White "Farinas Argudo, Adrian"]
[Black "Roche Simon, Manuel Angel"]
[Result "0-1"]
[WhiteElo "1700"]
[BlackElo "2030"]
[PlyCount "64"]
[EventDate "2020.??.??"]
[WhiteTeam "Marcos Frechin B"]
[BlackTeam "Delicias"]

1. c4 e5 2. Nc3 Nc6 3. g3 d6 4. Bg2 f5 5. d3 g6 6. Nf3 Nf6 7. a3 a5 8. b3 Bg7
9. Qc2 O-O 10. O-O h6 11. Rb1 Be6 12. b4 axb4 13. axb4 g5 14. Nd2 Qe8 15. Nb3
Nxb4 16. Qd1 c6 17. Nd2 Na6 18. Rxb7 Nc5 19. Rb6 Bd7 20. Nb3 Qd8 21. Rb4 Ne6
22. Qc2 Rf7 23. Bd2 Bf8 24. Ra4 Rxa4 25. Nxa4 f4 26. Rb1 Ng4 27. Bf3 h5 28. Bc3
Qf6 29. Rf1 fxg3 30. hxg3 Bg7 31. Nb6 Be8 32. Nc8 Qd8 0-1

[Event "Cto de Aragon por Equipos Preferente"]
[Site "?"]
[Date "2020.01.25"]
[Round "1.60"]
[White "Llanes Luno, Pedro Alfredo"]
[Black "Alas Sebastian, Yasmina"]
[Result "1/2-1/2"]
[WhiteElo "2010"]
[BlackElo "1663"]
[PlyCount "100"]
[EventDate "2020.??.??"]
[WhiteTeam "Delicias"]
[BlackTeam "Marcos Frechin B"]

1. e4 c5 2. Nf3 d6 3. d4 cxd4 4. Nxd4 Nf6 5. Nc3 g6 6. Be3 Bg7 7. f3 O-O 8. Qd2
Nc6 9. g4 Qa5 10. Nb3 Qc7 11. h4 Be6 12. O-O-O Ne5 13. Nd4 Bc4 14. Bh6 Bxf1 15.
Bxg7 Kxg7 16. Rdxf1 Nc4 17. Qf4 Rac8 18. Nd5 Nxd5 19. exd5 Qb6 20. Nb3 Qe3+ 21.
Qxe3 Nxe3 22. Re1 Nxd5 23. Re4 e6 24. Rd1 Rfd8 25. Kb1 Nf6 26. Red4 d5 27. Na5
b6 28. Nc4 Nd7 29. Ne3 Ne5 30. Rf1 Kf8 31. f4 Nc6 32. Rd2 Ke7 33. Re1 Kd7 34.
g5 Kc7 35. Ng4 Ne7 36. Nf6 Rh8 37. c4 Kc6 38. cxd5+ Nxd5 39. Nxd5 exd5 40. Re7
Rc7 41. Rxc7+ Kxc7 42. Rxd5 Re8 43. h5 Re1+ 44. Kc2 Rf1 45. hxg6 hxg6 46. Rd4
Re1 47. b4 Re7 48. Kb3 Re3+ 49. Kb2 Re6 50. Kc3 Re3+ 1/2-1/2

[Event "Cto de Aragon por Equipos Preferente"]
[Site "?"]
[Date "2020.01.25"]
[Round "1.61"]
[White "Cebrian Valverde, Jose Antonio"]
[Black "Planas Torrea, Francisco Javier"]
[Result "1-0"]
[WhiteElo "2101"]
[BlackElo "2079"]
[PlyCount "73"]
[EventDate "2020.??.??"]
[WhiteTeam "San Jose"]
[BlackTeam "Ejea"]

1. d4 Nf6 2. c4 g6 3. Nc3 Bg7 4. e4 d6 5. Nf3 O-O 6. Be2 e5 7. O-O Nc6 8. d5
Ne7 9. b4 a5 10. bxa5 Rxa5 11. a4 Bd7 12. Ba3 b6 13. Bb4 Ra8 14. a5 bxa5 15.
Bxa5 Ne8 16. Nb5 f5 17. Nd2 fxe4 18. Nxe4 Bxb5 19. cxb5 Nf5 20. Qd3 Bh6 21. Bg4
Qb8 22. Ra2 Ra7 23. Rfa1 Qa8 24. Qc4 Qb7 25. h3 Bf4 26. g3 Bh6 27. h4 Kh8 28.
Qc6 Nd4 29. Qxb7 Rxb7 30. Bd7 Nf6 31. Nxf6 Rxf6 32. Bc6 Ra7 33. Bxc7 Rxc7 34.
b6 Rxc6 35. dxc6 Nxc6 36. Ra8+ Kg7 37. Rc8 1-0

[Event "Cto de Aragon por Equipos Preferente"]
[Site "?"]
[Date "2020.01.25"]
[Round "1.62"]
[White "Marcellan Peire, Jesus Eduardo"]
[Black "Gutierrez Mingueza, Ruben"]
[Result "0-1"]
[WhiteElo "1883"]
[BlackElo "2041"]
[PlyCount "66"]
[EventDate "2020.??.??"]
[WhiteTeam "Ejea"]
[BlackTeam "San Jose"]

1. d4 Nf6 2. c4 e6 3. Nc3 Bb4 4. a3 Bxc3+ 5. bxc3 b6 6. Bg5 h6 7. Bh4 g5 8. Bg3
Ne4 9. Qc2 Nxg3 10. hxg3 Bb7 11. e4 d6 12. Nf3 Nd7 13. Bd3 Qe7 14. Qa4 g4 15.
Nd2 a5 16. Be2 f5 17. Bd3 O-O-O 18. O-O-O Qg5 19. Kb1 Rdf8 20. Qc2 f4 21. gxf4
Qxf4 22. Rdf1 h5 23. g3 Qg5 24. Rhg1 e5 25. Rg2 Qg7 26. d5 Kb8 27. Re1 Rh6 28.
Nf1 Nc5 29. Be2 Bc8 30. Ne3 Qg5 31. Rf1 Bd7 32. Nf5 Rxf5 33. exf5 Bxf5 0-1

[Event "Cto de Aragon por Equipos Preferente"]
[Site "?"]
[Date "2020.01.25"]
[Round "1.63"]
[White "Ferreruela Romero, Jose Joaquin"]
[Black "Asin Jimenez, Pedro Jose"]
[Result "0-1"]
[WhiteElo "2034"]
[BlackElo "1721"]
[PlyCount "100"]
[EventDate "2020.??.??"]
[WhiteTeam "San Jose"]
[BlackTeam "Ejea"]

1. d4 Nf6 2. c4 e6 3. g3 d5 4. Nf3 Be7 5. Bg2 c6 6. O-O O-O 7. Qc2 Nbd7 8. Nbd2
b6 9. e4 Bb7 10. e5 Ne8 11. h4 h6 12. Rd1 Rc8 13. Nf1 c5 14. dxc5 Nxc5 15. Ne3
Nd7 16. Qd2 Bc5 17. Ng4 f6 18. b4 Be7 19. Nd4 Nc7 20. exf6 Nxf6 21. Ne5 Ne4 22.
Bxe4 dxe4 23. Ndc6 Bxc6 24. Nxc6 Qxd2 25. Nxe7+ Kf7 26. Rxd2 Kxe7 27. Bb2 Ne8
28. Rad1 Nf6 29. Bxf6+ Kxf6 30. Rd4 Ke5 31. a4 Rf7 32. Kf1 Rfc7 33. Rd7 Kf6 34.
a5 bxa5 35. bxa5 a6 36. Rxc7 Rxc7 37. Rd6 Rxc4 38. Rxa6 Ra4 39. Ke2 Ra3 40. Ra8
Ke5 41. a6 Ra2+ 42. Kf1 Ra1+ 43. Kg2 Ra2 44. Kg1 Ra1+ 45. Kh2 Ra2 46. Kg1 Ra1+
47. Kg2 Ra2 48. Rg8 e3 49. Rxg7 e2 50. f4+ Kf6 0-1

[Event "Cto de Aragon por Equipos Preferente"]
[Site "?"]
[Date "2020.01.25"]
[Round "1.64"]
[White "Galvez Longas, Isaac"]
[Black "Palomar Ramon, Santiago"]
[Result "0-1"]
[WhiteElo "1688"]
[BlackElo "1974"]
[PlyCount "68"]
[EventDate "2020.??.??"]
[WhiteTeam "Ejea"]
[BlackTeam "San Jose"]

1. d4 d5 2. Bf4 Bg4 3. h3 Bh5 4. Nd2 e6 5. Ngf3 Nc6 6. c3 Bd6 7. Bxd6 cxd6 8.
Qb3 Rb8 9. e3 Nf6 10. c4 O-O 11. cxd5 exd5 12. Bd3 b5 13. O-O Na5 14. Qd1 Nc4
15. b3 Nb2 16. Qc2 Nxd3 17. Qxd3 b4 18. Rfc1 Qd7 19. Nh4 Bg6 20. Nxg6 fxg6 21.
Rc2 Rbc8 22. Rac1 Qe6 23. Qa6 Rxc2 24. Rxc2 Qf5 25. Qc6 h6 26. f3 Qd3 27. Kf2
Kh7 28. Nf1 Ne4+ 29. Kg1 Nc3 30. Rf2 Rf6 31. g4 Qd1 32. Kg2 Qe1 33. Qe8 Ne4 34.
Rc2 Rxf3 0-1

[Event "Cto de Aragon por Equipos Preferente"]
[Site "?"]
[Date "2020.01.25"]
[Round "1.65"]
[White "Sierra Aguerri, Joaquin"]
[Black "Vela Frago, Alberto"]
[Result "0-1"]
[WhiteElo "2097"]
[BlackElo "2040"]
[PlyCount "76"]
[EventDate "2020.??.??"]
[WhiteTeam "Tauste"]
[BlackTeam "St. Casablanca C"]

1. e4 e5 2. Nf3 Nc6 3. Bc4 Nf6 4. Ng5 d5 5. exd5 Na5 6. Bb5+ Bd7 7. Qe2 Be7 8.
Nc3 Bxb5 9. Qxb5+ c6 10. dxc6 Nxc6 11. O-O O-O 12. Nf3 Qc7 13. Qc4 a6 14. a4
Rac8 15. d3 Nd4 16. Qxc7 Rxc7 17. Bg5 Nxc2 18. Bxf6 Bxf6 19. Nd5 Rd7 20. Nxf6+
gxf6 21. Rac1 Nb4 22. d4 exd4 23. Rc4 Nc6 24. b4 Ne5 25. Rcc1 Nxf3+ 26. gxf3 d3
27. Rc4 Rfd8 28. b5 a5 29. Rd1 Rd4 30. Rc7 R8d7 31. b6 Kf8 32. Re1 d2 33. Rd1
Ke7 34. Rc2 Rxa4 35. Rcxd2 Rxd2 36. Rxd2 Rb4 37. Rd5 a4 38. Ra5 Kd6 0-1

[Event "Cto de Aragon por Equipos Preferente"]
[Site "?"]
[Date "2020.01.25"]
[Round "1.66"]
[White "Garcia Andres, Daniel"]
[Black "Sancho Casale, Jesus"]
[Result "1-0"]
[WhiteElo "2029"]
[BlackElo "1923"]
[PlyCount "50"]
[EventDate "2020.??.??"]
[WhiteTeam "St. Casablanca C"]
[BlackTeam "Tauste"]

1. e4 e5 2. Nc3 Nf6 3. f4 d5 4. fxe5 Nxe4 5. d3 Nxc3 6. bxc3 Nc6 7. Nf3 d4 8.
Be2 Bc5 9. O-O dxc3+ 10. Kh1 O-O 11. Qe1 Bd4 12. Qg3 Qe7 13. Bh6 Bxe5 14. Nxe5
Qxe5 15. Rf4 Kh8 16. d4 Nxd4 17. Rxf7 Rxf7 18. Qxe5 Ne6 19. Bc4 Bd7 20. h3 Raf8
21. Bxe6 Re8 22. Qxc3 Rxe6 23. Be3 Rc6 24. Qb3 Re7 25. Rf1 h6 1-0

[Event "Cto de Aragon por Equipos Preferente"]
[Site "?"]
[Date "2020.01.25"]
[Round "1.67"]
[White "Carbonel Sanchez, Andres"]
[Black "Jaques Burguete, Raul"]
[Result "1-0"]
[WhiteElo "1825"]
[BlackElo "2001"]
[PlyCount "118"]
[EventDate "2020.??.??"]
[WhiteTeam "Tauste"]
[BlackTeam "St. Casablanca C"]

1. e4 Nc6 2. Nf3 d5 3. e5 Bg4 4. d4 e6 5. c3 f6 6. Bb5 fxe5 7. Qa4 Bxf3 8.
Bxc6+ bxc6 9. Qxc6+ Kf7 10. gxf3 Bd6 11. dxe5 Ne7 12. Qa6 Bxe5 13. Bg5 h6 14.
Bh4 g5 15. Bg3 Ng6 16. Qe2 Nf4 17. Bxf4 Bxf4 18. Nd2 Qd6 19. O-O-O Bxh2 20. Kb1
Qe5 21. Qb5 Qf5+ 22. Ka1 Bd6 23. Nb3 Rae8 24. Nd4 Qf6 25. Qa6 Bc5 26. Nb5 Re7
27. Rd3 Rb8 28. a4 Rb6 29. Qc8 c6 30. Nd4 Bxd4 31. Rxd4 e5 32. Rg4 Kg7 33. Rgh4
Qe6 34. Qa8 gxh4 35. Rg1+ Qg6 36. Rxg6+ Kxg6 37. Qg8+ Rg7 38. Qe6+ Kh7 39. Qf5+
Kg8 40. Qxe5 Rgb7 41. Qe6+ Kh7 42. Qf5+ Kg8 43. Qg6+ Rg7 44. Qxh6 Rh7 45. Qg6+
Kh8 46. Qe8+ Kg7 47. Qe5+ Kg6 48. f4 Rbb7 49. f5+ Kf7 50. Qe6+ Kg7 51. f6+ Kf8
52. Qc8+ Kf7 53. Qxb7+ Kg6 54. Qxc6 h3 55. f7+ Kxf7 56. Qxd5+ Kg6 57. Qe4+ Kg7
58. Qe5+ Kg6 59. Qh2 Kg5 1-0

[Event "Cto de Aragon por Equipos Preferente"]
[Site "?"]
[Date "2020.01.25"]
[Round "1.69"]
[White "Mombiela De Sus, Jose Luis"]
[Black "Larrosa Poves, Jose Manuel"]
[Result "1-0"]
[WhiteElo "1933"]
[BlackElo "1894"]
[PlyCount "55"]
[EventDate "2020.??.??"]
[WhiteTeam "Las Fuentes B"]
[BlackTeam "Agrupacion C"]

1. f4 d5 2. Nf3 Nf6 3. g3 c5 4. Bg2 Nc6 5. d3 e6 6. O-O Be7 7. Qe1 d4 8. Na3
O-O 9. Bd2 Rb8 10. c4 dxc3 11. bxc3 b5 12. Ng5 Qc7 13. e4 c4 14. e5 Bxa3 15.
exf6 gxf6 16. Ne4 f5 17. Nf6+ Kg7 18. Nh5+ Kg8 19. g4 Ne7 20. g5 Ng6 21. Nf6+
Kh8 22. Be3 Bc5 23. Bxc5 Qxc5+ 24. d4 Qd6 25. Qg3 Rd8 26. Qh3 Nf8 27. Qh6 Qe7
28. Rf3 1-0

[Event "Cto de Aragon por Equipos Preferente"]
[Site "?"]
[Date "2020.01.25"]
[Round "1.70"]
[White "Gimeno Diaz, Fernando"]
[Black "Morato Garcia, Jesus"]
[Result "0-1"]
[WhiteElo "1797"]
[BlackElo "1847"]
[PlyCount "104"]
[EventDate "2020.??.??"]
[WhiteTeam "Agrupacion C"]
[BlackTeam "Las Fuentes B"]

1. d4 Nf6 2. Nf3 e6 3. c4 Bb4+ 4. Bd2 Qe7 5. a3 Bxd2+ 6. Nbxd2 a5 7. e3 O-O 8.
Bd3 d6 9. O-O e5 10. Qc2 h6 11. h3 Nc6 12. d5 Nb8 13. g4 Na6 14. Bf5 Nc5 15.
Bxc8 Raxc8 16. b4 axb4 17. axb4 Na6 18. Ra4 Ra8 19. Nb3 Nd7 20. Rfa1 Nb6 21.
Ra5 Nxb4 22. Qc3 Na6 23. e4 f6 24. Nh4 Rfe8 25. Nf5 Qf8 26. h4 Nd7 27. Kh2 Nac5
28. Rxa8 Rxa8 29. Nxc5 Nxc5 30. f3 Qe8 31. Ra3 Rxa3 32. Qxa3 Qa4 33. Qe3 Qb3
34. Qe2 Nd3 35. g5 Nf4 36. Qf2 hxg5 37. hxg5 fxg5 38. Qg3 Qc2+ 39. Kh1 Qc1+ 40.
Kh2 Ng6 41. Qh3 Qd2+ 42. Kh1 Qe1+ 43. Kh2 Qf2+ 44. Kh1 Nh4 45. Nxg7 Qxf3+ 46.
Qxf3 Nxf3 47. Ne8 Nd2 48. Nxc7 Nxc4 49. Ne6 b5 50. Nxg5 b4 51. Nf3 b3 52. Nxe5
dxe5 0-1

[Event "Cto de Aragon por Equipos Preferente"]
[Site "?"]
[Date "2020.01.25"]
[Round "1.71"]
[White "Edeso Perez, Francisco"]
[Black "Redolar Cortes, Angel"]
[Result "1-0"]
[WhiteElo "1786"]
[BlackElo "1732"]
[PlyCount "89"]
[EventDate "2020.??.??"]
[WhiteTeam "Las Fuentes B"]
[BlackTeam "Agrupacion C"]

1. d4 d5 2. c4 c6 3. cxd5 cxd5 4. Bg5 Nf6 5. Bxf6 exf6 6. e3 Qa5+ 7. Nc3 Bb4 8.
Nge2 O-O 9. a3 Bd6 10. b4 Qd8 11. Nxd5 Bxh2 12. Nxf6+ Qxf6 13. Rxh2 Bg4 14. Qc2
g6 15. Ng3 Re8 16. Be2 Bxe2 17. Nxe2 Nd7 18. Qc7 Qf5 19. Qf4 Qd3 20. Rh3 Re4
21. Qc7 Nb6 22. Qc3 Qb5 23. Qb3 Ree8 24. Rf3 Re7 25. Rc1 Qh5 26. Nf4 Qb5 27.
Rc5 Qd7 28. Ne2 Na4 29. Rc1 b5 30. Rf6 Rc8 31. Qb1 Ree8 32. Rxc8 Rxc8 33. Qe4
Qc7 34. d5 Rd8 35. Rc6 Qd7 36. d6 Re8 37. Qc2 Nb6 38. Qc5 Re5 39. Qxe5 Qxc6 40.
Nd4 Qc3+ 41. Ke2 Nc4 42. Qe8+ Kg7 43. d7 Qd2+ 44. Kf3 Qd1+ 45. Kg3 1-0

[Event "Cto de Aragon por Equipos Preferente"]
[Site "?"]
[Date "2020.01.25"]
[Round "1.72"]
[White "Conon, Catalin"]
[Black "Garcia Lasheras, Miguel Angel"]
[Result "1/2-1/2"]
[WhiteElo "1620"]
[BlackElo "1681"]
[PlyCount "60"]
[EventDate "2020.??.??"]
[WhiteTeam "Agrupacion C"]
[BlackTeam "Las Fuentes B"]

1. e4 e5 2. Nf3 Nf6 3. Nxe5 d6 4. Nf3 Nxe4 5. Nc3 Nxc3 6. dxc3 Be7 7. Bd3 Nc6
8. Be3 Bg4 9. h3 Bh5 10. Qd2 Bf6 11. g4 Bg6 12. O-O-O Qd7 13. Rhe1 O-O-O 14.
Kb1 a6 15. Qe2 Bxd3 16. Qxd3 h6 17. Bd4 Bxd4 18. cxd4 Rde8 19. c3 Rxe1 20. Rxe1
Re8 21. Rxe8+ Qxe8 22. Qe3 Qxe3 23. fxe3 d5 24. Kc2 Kd7 25. Kd3 f6 26. e4 dxe4+
27. Kxe4 Ne7 28. Nh4 g6 29. Ng2 c6 30. Ne3 Ke6 1/2-1/2

[Event "Cto de Aragon por Equipos D. Honor"]
[Site "?"]
[Date "2020.02.01"]
[Round "2.1"]
[White "Accattato Martin, Mario"]
[Black "Adla, Diego"]
[Result "1/2-1/2"]
[WhiteElo "2223"]
[BlackElo "2440"]
[PlyCount "80"]
[EventDate "2020.01.25"]
[WhiteTeam "Monzon"]
[BlackTeam "St. Casablanca A"]

1. e4 c5 2. Nf3 e6 3. b3 a6 4. Bb2 Nc6 5. a4 d6 6. d4 Nf6 7. Bd3 cxd4 8. Nxd4
Ne5 9. O-O Be7 10. c4 Nxd3 11. Qxd3 O-O 12. Nd2 Qc7 13. Rfe1 b6 14. Re3 g6 15.
Ne2 Bd7 16. Rh3 b5 17. Nc3 bxc4 18. Nxc4 Rab8 19. e5 dxe5 20. Ne4 Nxe4 21. Bxe5
Qc6 22. Rxh7 f6 23. Rxe7 fxe5 24. Qh3 Rf7 25. Nxe5 Rxe7 26. Nxc6 Bxc6 27. Qg4
Kg7 28. h4 Nf6 29. Qc4 Bd5 30. Qxa6 Rxb3 31. Qd6 Reb7 32. f3 Rb2 33. a5 Re2 34.
a6 Rbb2 35. Qe7+ Kh8 36. Qf8+ Kh7 37. Qf7+ Kh6 38. Qf8+ Kh7 39. Qf7+ Kh6 40.
Qf8+ Kh7 1/2-1/2

[Event "Cto de Aragon por Equipos D. Honor"]
[Site "?"]
[Date "2020.02.01"]
[Round "2.2"]
[White "Glavina, Pablo"]
[Black "Arrieta Restrepo, Steven"]
[Result "1-0"]
[WhiteElo "2405"]
[BlackElo "2051"]
[PlyCount "117"]
[EventDate "2020.01.25"]
[WhiteTeam "St. Casablanca A"]
[BlackTeam "Monzon"]

1. c4 e5 2. Nc3 Bb4 3. Nf3 Bxc3 4. bxc3 Nc6 5. d3 d6 6. Rb1 Rb8 7. g3 h6 8. Bg2
Be6 9. Qa4 Bd7 10. O-O Qc8 11. Ne1 Nge7 12. Qa3 Bh3 13. c5 Bxg2 14. Nxg2 d5 15.
f4 e4 16. Qa4 exd3 17. exd3 O-O 18. Be3 Qg4 19. Rb2 h5 20. Qd1 Nf5 21. Qxg4
hxg4 22. Bf2 Rfe8 23. a4 b6 24. Rfb1 Rbd8 25. Rb5 g6 26. Re1 d4 27. cxb6 axb6
28. c4 Rxe1+ 29. Nxe1 Ra8 30. c5 Rxa4 31. cxb6 cxb6 32. Rxb6 Nb4 33. Rb5 Na2
34. Rd5 Nc1 35. Rc5 Ra1 36. Kg2 Nb3 37. Rb5 Rb1 38. h3 gxh3+ 39. Kxh3 Rb2 40.
Bg1 Ne3 41. Nf3 Rb1 42. Bxe3 dxe3 43. Re5 Nc1 44. Rxe3 Rb3 45. Ne1 Kg7 46. g4
Rb2 47. Kg3 f5 48. gxf5 gxf5 49. Kf3 Nb3 50. Re5 Kf6 51. Ke3 Nc1 52. d4 Re2+
53. Kf3 Rd2 54. d5 Rd1 55. Ng2 Nd3 56. Rxf5+ Ke7 57. Ne3 Ra1 58. Ke4 Ra3 59.
d6+ 1-0

[Event "Cto de Aragon por Equipos D. Honor"]
[Site "?"]
[Date "2020.02.01"]
[Round "2.3"]
[White "Barranco Mananet, Fernando"]
[Black "Vela Frago, Alberto"]
[Result "0-1"]
[WhiteElo "2034"]
[BlackElo "2040"]
[PlyCount "88"]
[EventDate "2020.01.25"]
[WhiteTeam "Monzon"]
[BlackTeam "St. Casablanca A"]

1. e4 e5 2. Nf3 Nc6 3. d4 exd4 4. Nxd4 Nf6 5. Nxc6 bxc6 6. e5 Qe7 7. Qe2 Nd5 8.
c4 Ba6 9. b3 O-O-O 10. g3 h5 11. Bg2 h4 12. O-O g6 13. Ba3 Qg5 14. Bc1 Qe7 15.
Ba3 Qe8 16. Bb2 Bg7 17. e6 Bxb2 18. exd7+ Qxd7 19. Qxb2 Qg4 20. h3 Qg5 21. Qd2
Qf5 22. Na3 Nc3 23. Qe3 Rhe8 24. Qf3 Ne2+ 25. Kh2 Qxf3 26. Bxf3 Nd4 27. Bg2 Re2
28. Kg1 Rde8 29. gxh4 c5 30. Nb5 Bxb5 31. cxb5 Kd7 32. Rad1 Kd6 33. a4 Rb2 34.
Rd3 Rxb3 35. Rxb3 Nxb3 36. Rd1+ Nd4 37. Kh2 Re2 38. Kg3 Ra2 39. Bc6 Ke5 40. f4+
Kf6 41. Be8 Rxa4 42. Kg4 Ra3 43. Bd7 Ra2 44. h5 Rg2+ 0-1

[Event "Cto de Aragon por Equipos D. Honor"]
[Site "?"]
[Date "2020.02.01"]
[Round "2.4"]
[White "Forcen Esteban, Daniel"]
[Black "Garcia Morales, Roberto"]
[Result "1-0"]
[WhiteElo "2548"]
[BlackElo "2039"]
[PlyCount "45"]
[EventDate "2020.01.25"]
[WhiteTeam "Jaime Casas"]
[BlackTeam "Agrupacion B"]

1. e4 e5 2. Nc3 Nf6 3. Bc4 Nc6 4. d3 d6 5. f4 Be6 6. f5 Bxc4 7. dxc4 g6 8. Bg5
Be7 9. Nge2 gxf5 10. exf5 Ng8 11. Be3 Bg5 12. Bf2 Nf6 13. Ng3 Qd7 14. Qf3 O-O-O
15. Nge4 Nd4 16. Qd3 Rhg8 17. Nxf6 Bxf6 18. O-O c6 19. Ne4 Qe7 20. c3 Nxf5 21.
Qh3 Qe6 22. Nxf6 Qxf6 23. Be3 1-0

[Event "Cto de Aragon por Equipos D. Honor"]
[Site "?"]
[Date "2020.02.01"]
[Round "2.5"]
[White "Carruez Berges, Fernando"]
[Black "Gines Esteo, Pedro Antonio"]
[Result "0-1"]
[WhiteElo "1999"]
[BlackElo "2482"]
[PlyCount "62"]
[EventDate "2020.01.25"]
[WhiteTeam "Agrupacion B"]
[BlackTeam "Jaime Casas"]

1. d4 d5 2. Nf3 Nf6 3. Bf4 e6 4. e3 Bd6 5. Bxd6 Qxd6 6. Nbd2 c5 7. Bb5+ Bd7 8.
Bxd7+ Nbxd7 9. c4 O-O 10. cxd5 Qxd5 11. dxc5 Nxc5 12. O-O Nd3 13. b3 Rfd8 14.
Qe2 e5 15. Nc4 Ne4 16. Nb2 Nb4 17. Qc4 Qxc4 18. Nxc4 f6 19. a3 Nd3 20. Ra2 Rac8
21. Ne1 Nc1 22. Rb2 b5 23. Na5 Rd2 24. Rb1 Nc3 25. Ra1 Rd1 26. Kh1 Ne4 27. f3
Nd2 28. Rg1 e4 29. a4 bxa4 30. bxa4 Rc5 31. Nb7 Ne2 0-1

[Event "Cto de Aragon por Equipos D. Honor"]
[Site "?"]
[Date "2020.02.01"]
[Round "2.6"]
[White "Ramiro Ovejero, Juan Luis"]
[Black "Carruez Berges, Santiago"]
[Result "1-0"]
[WhiteElo "2348"]
[BlackElo "1995"]
[PlyCount "61"]
[EventDate "2020.01.25"]
[WhiteTeam "Jaime Casas"]
[BlackTeam "Agrupacion B"]

1. e4 e6 2. d4 d5 3. Nd2 Nc6 4. Ngf3 Nf6 5. e5 Nd7 6. Be2 Be7 7. Nf1 O-O 8. Ne3
f6 9. exf6 Nxf6 10. O-O a5 11. Re1 Bd6 12. c4 Ne4 13. g3 Bb4 14. Rf1 a4 15. a3
Bd6 16. c5 Be7 17. Ng4 e5 18. Nfxe5 Nxe5 19. Nxe5 Bh3 20. f3 Bxf1 21. Qxf1 Nf6
22. Bd3 g6 23. Qh3 Qc8 24. Qh6 Qe6 25. Bxg6 hxg6 26. Qxg6+ Kh8 27. Bh6 Qg8 28.
Bxf8 Rxf8 29. Qh6+ Qh7 30. Ng6+ Kg8 31. Qxh7+ 1-0